000 00633nam a2200241Ia 4500
003 OSt
005 20220924123834.0
006 a|||||r|||| 00| 0
007 ta
008 220923b |||||||| |||| 00| 0 urd d
020 _c25.00
024 _a315558
037 _cTextual
040 _aARTS
_cARTS
_burd
041 _2urd
_aurd
082 _aO168,1NRA9,1, M5
100 _aLyallpuri Raaz
_9178510
245 0 _aRaaz-o-Riyaz
260 _aNew Delhi
_b Mahnama Shan-e-Hind India
_c1985
650 _aURDU POETRY
942 _hO168,1NRA9,1, M5
_cTEXL
_2CC
999 _c417329
_d417329